000 00861nam a22002897a 4500
003 CHAP
005 20220329140529.0
008 971013s1965 r 00010 d
010 _a53416
011 _a54388
035 _a58539
040 _cCHAP
090 _aFolleto 8271 (1965)
110 _aRoyal Society. London
_9100398
245 _aGeneral notes on the preparation of scientific papers
250 _a2 rev. ed.
260 _aLondon :
_b(s.e.),
_c1965
300 _a32 p.
590 _aBATCH-UPD
_b10
_c20130110
_lUCH01
_h1607
590 _aBATCH-UPD
_b10
_c20130410
_lUCH01
_h1003
590 _aBATCH-UPD
_b10
_c20130914
_lUCH01
_h2051
590 _aCONVERSION
_b10
_c20130109
_lUCH01
_h1329
650 1 4 _aTrabajos científicos
_xElaboración.
_9114562
901 _aBK
942 _cFOLL
949 _aFolleto 8271 (1965)
_bBC
_cB
_d-127045
_eB
_i58539
_si
999 _c53416
_d53416